| 000 | 00474nam a2200181Ia 4500 | ||
|---|---|---|---|
| 001 | 15950 | ||
| 005 | 20260306170233.0 | ||
| 008 | 260306t2011||||xx |||||||||||||| ||und|| | ||
| 041 | _aESP | ||
| 082 |
_a620.86 _bB78 |
||
| 100 |
_aBovea Edo, M. Dolores _eAUT |
||
| 245 | 0 | _aManual de seguridad e higiene industrial para la formación en ingeniería | |
| 260 | _c2011 | ||
| 300 |
_a326 páginas : _c24 cm. |
||
| 650 | _aGEN | ||
| 654 | _aCII | ||
| 942 |
_cLIB _dJUS _fJUS _2ddc _n |
||
| 999 |
_c15950 _d15950 |
||